000
00508nam a2200145Ia 4500
008
151213s9999 xx 000 0 und d
100
_a
জর্জ বার্নাড শো
245
_a
শয়তানের সাগরেদ।
_c
জর্জ বার্নাড শো
260
_a
ঢাকা।
_b
বাংলা একাডেমী।
_c
1984
300
_a
8700 p.
650
_a
Bangla
650
_a
নাটোক
700
_a
জর্জ বার্নাড শো
999
_c
4486
_d
4486